Neuropediatría. (Registro nro. 182)

Detalles MARC
000 -LEADER
fixed length control field 00829 am a2200253 a 4500
005 - FECHA ULTIMA MODIFICACION
control field 20240522095930.0
008 - CAMPO DE CONTROL (LIBRO)
fixed length control field 100326k1980||||ag ||||f |||| 001 0 spa d
041 ## - CODIGO DE IDIOMA
Código de idioma del texto/pista de sonido o título separado spa
092 ## - SIGNATURA TOPOGRAFICA DEWEY LOCAL
número de clasificación 616.8083
libristica 6
sección BEN
100 1# - ENTRADA PRINCIPAL--NOMBRE PERSONAL
Nombre personal Benasayag, León.
9 (RLIN) 407
245 ## - TITULO PROPIAMENTE DICHO
Título Neuropediatría.
Subtítulo y Título paralelo Enfoque multidisciplinario /
Mención de responsabilidad y remanente de la transcripción de la portada León Benasayag
250 ## - MENCION DE EDICION
Mención de edición 1a ed. reimp.
260 ## - PIE DE IMPRENTA
Lugar de publicación, distribución, etc S / L:
Nombre de la editorial, distribuidor, etc Purinzon;
Fecha de publicación 1980.
300 ## - DESCRIPCION FISICA
Extension 475 p.
500 ## - NOTA GENERAL
Nota general Benasayag, L. (1980). Neuropediatría. Enfoque multidisciplinario. (1a ed.). S / L. : Purinzon.
590 ## - NOTAS LOCALES (RLIN)
Nota local Donación Dra. Mercado 2008
653 ## - TÉRMINO INDIZADO - PALABRAS CLAVES
Palabra clave Neuropediatría
653 ## - TÉRMINO INDIZADO - PALABRAS CLAVES
Palabra clave Neurología del recién nacido
653 ## - TÉRMINO INDIZADO - PALABRAS CLAVES
Palabra clave Sindromes convulsivos en la infancia
653 ## - TÉRMINO INDIZADO - PALABRAS CLAVES
Palabra clave Correlación neuropsicológica
653 ## - TÉRMINO INDIZADO - PALABRAS CLAVES
Palabra clave Temas de neurocirugía infantil
930 ## - NUMERO DE INVENTARIO
Número de inventario 1938
942 ## - ADDED ENTRY ELEMENTS (KOHA)
Source of classification or shelving scheme Dewey Decimal Classification
Item type Libros
Existencias
Estado de retiro Existencia Estado general No para prestamo Ubicación permanente ubicación actual Sala de ubicación Fecha de adquisición Total Checkouts Número de clasificación Código de barras Date last seen Número de ejemplar Price effective from Koha tipo de elemento (item)
        Biblioteca Medicina Biblioteca Medicina Circulación 13/05/2011   616.8083 6 BEN 1938 06/11/2014 ej.1 13/05/2011 Libros

UNIVERSIDAD NACIONAL DEL COMAHUE
Biblioteca de la Facultad de Ciencias Médicas
Sede Toschi: Los Arrayanes y Av. Toschi, Cipolletti  - Rio Negro
Sede Los Tordos:  Yrigoyen al 2211, Cipolletti - Rio Negro 

Teléfono: 0299 - 4774707 int 25
Contacto: biblioteca@facimed.uncoma.edu.ar
© 2011 - 2026